| 000 | 00577nam a22001937a 4500 | ||
|---|---|---|---|
| 003 | OSt | ||
| 008 | 260422b |||||||| |||| 00| 0 eng d | ||
| 082 |
_a634.6 _bA81E |
||
| 100 | _aRanjan, Ashish. | ||
| 245 | _aEffect of Foliar Sprays of Growth Substances and Mineral Nutrients on Flowering, Fruiting and Quality of Litchi (Litchi chinensis Sonn.) cv. Purbi | ||
| 260 |
_aSabour, Bhagalpur _bBAC, RAU _c2009 |
||
| 300 | _a65p. | ||
| 502 |
_bPh.D. _d2009 |
||
| 650 | _aHorticulture, Pomology | ||
| 650 | _aLitchi | ||
| 650 | _aThesis | ||
| 650 | _aM. Sc. | ||
| 942 |
_2ddc _cT |
||
| 999 |
_c50106 _d50106 |
||